000 00666nam a2200229Ia 4500
003 OSt
005 20220924123006.0
006 a|||||r|||| 00| 0
007 ta
008 220923b |||||||| |||| 00| 0 pan d
024 _a43697
037 _cTextual
040 _aARTS
_cARTS
_bpan
041 _2pan
_apan
082 _aO157,1M61,G, 153J8 (EPP)
100 _aTagore Rabindranath
245 0 _aGitanjli Punjabi translation by Ajaib Chitrakar
260 _aLudhiana
_bNeeja Prakashan
_c1958
650 _aENGLISH LITERATURE
942 _hO157,1M61,G, 153J8 (EPP)
_cTEXL
_2CC
999 _c413887
_d413887